000
00244nam a2200097Ia 4500
008
240331s9999 xx 000 0 und d
082
_a
303.6
_b
MIS
100
_a
Misra, S.S.
245
0
_a
Ethnic conflict and security crisis in Sri Lanka
942
_c
L
999
_c
1272
_d
1272